<?xml version="1.0" encoding="UTF-8"?>
<record
    xmlns:xsi="http://www.w3.org/2001/XMLSchema-instance"
    xsi:schemaLocation="http://www.loc.gov/MARC21/slim http://www.loc.gov/standards/marcxml/schema/MARC21slim.xsd"
    xmlns="http://www.loc.gov/MARC21/slim">

  <leader>01244    a2200241   4500</leader>
  <controlfield tag="001">111185</controlfield>
  <datafield tag="020" ind1=" " ind2=" ">
    <subfield code="a">9788539503070</subfield>
  </datafield>
  <datafield tag="020" ind1=" " ind2=" ">
    <subfield code="q">(broch.)</subfield>
  </datafield>
  <datafield tag="041" ind1=" " ind2=" ">
    <subfield code="a">por</subfield>
  </datafield>
  <datafield tag="082" ind1=" " ind2=" ">
    <subfield code="a">028.5</subfield>
  </datafield>
  <datafield tag="100" ind1=" " ind2=" ">
    <subfield code="a">Garlando, Luigi.</subfield>
  </datafield>
  <datafield tag="240" ind1="1" ind2="0">
    <subfield code="a">T&#xED;tulo original: Gol 3: Inizia il campeonato</subfield>
  </datafield>
  <datafield tag="300" ind1=" " ind2=" ">
    <subfield code="a">147p.</subfield>
  </datafield>
  <datafield tag="520" ind1=" " ind2=" ">
    <subfield code="a">O t&#xE9;cnico Gaston Champignon sempre diz que os Cebolinhas devem jogar para se divertir! Mas, para disputar seu primeiro campeonato oficial, Tomi, Dante, Jo&#xE3;o, Becan, Lara, Sara, Alfinete e Ciro sabem que ter&#xE3;o que treinar muito se quiserem fazer bonito no torneio. S&#xF3; que o talento e a uni&#xE3;o da equipe podem n&#xE3;o ser suficientes para garantir a lideran&#xE7;a. Essa galera vai ter que superar as provoca&#xE7;&#xF5;es dos rivais, o mau tempo, um surto de catapora e at&#xE9; uma desist&#xEA;ncia! Ser&#xE1; que os Cebolinhas est&#xE3;o preparados para tantas emo&#xE7;&#xF5;es? N&#xE3;o perca as surpresas desta hist&#xF3;ria incr&#xED;vel!</subfield>
  </datafield>
  <datafield tag="521" ind1=" " ind2=" ">
    <subfield code="a">Year 4</subfield>
  </datafield>
  <datafield tag="697" ind1=" " ind2=" ">
    <subfield code="a">Literatura infantojuvenil.</subfield>
  </datafield>
  <datafield tag="856" ind1=" " ind2=" ">
    <subfield code="u">00001c/00001ccf.jpg</subfield>
  </datafield>
  <datafield tag="040" ind1=" " ind2=" ">
    <subfield code="a">BR-BrIDEA</subfield>
    <subfield code="c">BR-BrIDEA</subfield>
  </datafield>
  <datafield tag="090" ind1=" " ind2=" ">
    <subfield code="a">P Year 4 028</subfield>
    <subfield code="b">GAR</subfield>
  </datafield>
  <datafield tag="245" ind1="1" ind2="0">
    <subfield code="a">Gol! 3</subfield>
    <subfield code="b">Come&#xE7;a o campeonato</subfield>
    <subfield code="c">Luigi Garlando; ilustra&#xE7;&#xF5;es Stefano Turconi</subfield>
  </datafield>
  <datafield tag="260" ind1=" " ind2=" ">
    <subfield code="a">S&#xE3;o Paulo</subfield>
    <subfield code="b">Fundamento Educacional</subfield>
    <subfield code="c">2012</subfield>
  </datafield>
  <datafield tag="942" ind1=" " ind2=" ">
    <subfield code="c">BK</subfield>
  </datafield>
  <datafield tag="952" ind1=" " ind2=" ">
    <subfield code="0">0</subfield>
    <subfield code="1">0</subfield>
    <subfield code="2">ddc</subfield>
    <subfield code="4">0</subfield>
    <subfield code="7">0</subfield>
    <subfield code="a">12.27</subfield>
    <subfield code="b">12.27</subfield>
    <subfield code="d">2016-10-03</subfield>
    <subfield code="l">0</subfield>
    <subfield code="o">AP Year 5 028 GAR</subfield>
    <subfield code="p">00024716AGC</subfield>
    <subfield code="r">2024-01-23 14:46:23</subfield>
    <subfield code="w">2024-01-23</subfield>
    <subfield code="y">BK</subfield>
  </datafield>
  <datafield tag="952" ind1=" " ind2=" ">
    <subfield code="0">0</subfield>
    <subfield code="1">0</subfield>
    <subfield code="2">ddc</subfield>
    <subfield code="4">0</subfield>
    <subfield code="7">0</subfield>
    <subfield code="a">12.28</subfield>
    <subfield code="b">12.28</subfield>
    <subfield code="d">2016-02-25</subfield>
    <subfield code="l">2</subfield>
    <subfield code="o">P Year 5 028</subfield>
    <subfield code="p">00019794SSW</subfield>
    <subfield code="r">2024-06-20 13:35:52</subfield>
    <subfield code="s">2024-05-13</subfield>
    <subfield code="w">2024-01-23</subfield>
    <subfield code="y">BK</subfield>
  </datafield>
  <datafield tag="952" ind1=" " ind2=" ">
    <subfield code="0">0</subfield>
    <subfield code="1">0</subfield>
    <subfield code="2">ddc</subfield>
    <subfield code="4">0</subfield>
    <subfield code="7">0</subfield>
    <subfield code="a">12.28</subfield>
    <subfield code="b">12.28</subfield>
    <subfield code="d">2016-09-28</subfield>
    <subfield code="l">3</subfield>
    <subfield code="o">P Year 5 028</subfield>
    <subfield code="p">00024663SSW</subfield>
    <subfield code="r">2024-04-17 16:12:13</subfield>
    <subfield code="s">2024-04-11</subfield>
    <subfield code="w">2024-01-23</subfield>
    <subfield code="y">BK</subfield>
  </datafield>
  <datafield tag="952" ind1=" " ind2=" ">
    <subfield code="0">0</subfield>
    <subfield code="1">0</subfield>
    <subfield code="2">ddc</subfield>
    <subfield code="4">0</subfield>
    <subfield code="7">0</subfield>
    <subfield code="a">12.28</subfield>
    <subfield code="b">12.28</subfield>
    <subfield code="d">2017-02-07</subfield>
    <subfield code="l">6</subfield>
    <subfield code="o">P Year 4 028</subfield>
    <subfield code="p">00027823SSW</subfield>
    <subfield code="r">2024-06-20 11:15:30</subfield>
    <subfield code="s">2024-05-28</subfield>
    <subfield code="w">2024-01-23</subfield>
    <subfield code="y">BK</subfield>
  </datafield>
  <datafield tag="952" ind1=" " ind2=" ">
    <subfield code="0">0</subfield>
    <subfield code="1">0</subfield>
    <subfield code="2">ddc</subfield>
    <subfield code="4">0</subfield>
    <subfield code="7">0</subfield>
    <subfield code="a">12.28</subfield>
    <subfield code="b">12.28</subfield>
    <subfield code="d">2017-02-07</subfield>
    <subfield code="l">0</subfield>
    <subfield code="o">P Year 4 028</subfield>
    <subfield code="p">00027821SSW</subfield>
    <subfield code="r">2024-04-16 17:47:10</subfield>
    <subfield code="w">2024-01-23</subfield>
    <subfield code="y">BK</subfield>
  </datafield>
  <datafield tag="952" ind1=" " ind2=" ">
    <subfield code="0">0</subfield>
    <subfield code="1">0</subfield>
    <subfield code="2">ddc</subfield>
    <subfield code="4">0</subfield>
    <subfield code="7">0</subfield>
    <subfield code="a">12.27</subfield>
    <subfield code="b">12.27</subfield>
    <subfield code="d">2016-10-11</subfield>
    <subfield code="l">1</subfield>
    <subfield code="o">AP Year 5 028 GAR</subfield>
    <subfield code="p">00024806AGC</subfield>
    <subfield code="r">2024-06-03 14:35:40</subfield>
    <subfield code="s">2024-05-27</subfield>
    <subfield code="w">2024-01-23</subfield>
    <subfield code="y">BK</subfield>
  </datafield>
  <datafield tag="952" ind1=" " ind2=" ">
    <subfield code="0">0</subfield>
    <subfield code="1">0</subfield>
    <subfield code="2">ddc</subfield>
    <subfield code="4">0</subfield>
    <subfield code="7">0</subfield>
    <subfield code="a">12.28</subfield>
    <subfield code="b">12.28</subfield>
    <subfield code="d">2017-02-07</subfield>
    <subfield code="l">2</subfield>
    <subfield code="o">P Year 4 028</subfield>
    <subfield code="p">00027822SSW</subfield>
    <subfield code="r">2024-06-04 10:26:55</subfield>
    <subfield code="s">2024-05-28</subfield>
    <subfield code="w">2024-01-23</subfield>
    <subfield code="y">BK</subfield>
  </datafield>
  <datafield tag="952" ind1=" " ind2=" ">
    <subfield code="0">0</subfield>
    <subfield code="1">0</subfield>
    <subfield code="2">ddc</subfield>
    <subfield code="4">0</subfield>
    <subfield code="7">0</subfield>
    <subfield code="a">12.27</subfield>
    <subfield code="b">12.27</subfield>
    <subfield code="d">2020-11-03</subfield>
    <subfield code="l">0</subfield>
    <subfield code="o">AP Year 4 028 GAR</subfield>
    <subfield code="p">00050311AGC</subfield>
    <subfield code="r">2024-01-23 14:46:23</subfield>
    <subfield code="w">2024-01-23</subfield>
    <subfield code="y">BK</subfield>
  </datafield>
  <datafield tag="952" ind1=" " ind2=" ">
    <subfield code="0">0</subfield>
    <subfield code="1">0</subfield>
    <subfield code="2">ddc</subfield>
    <subfield code="4">0</subfield>
    <subfield code="7">0</subfield>
    <subfield code="a">12.27</subfield>
    <subfield code="b">12.27</subfield>
    <subfield code="d">2020-11-03</subfield>
    <subfield code="l">0</subfield>
    <subfield code="o">AP Year 4 028 GAR</subfield>
    <subfield code="p">00050312AGC</subfield>
    <subfield code="r">2024-01-23 14:46:23</subfield>
    <subfield code="w">2024-01-23</subfield>
    <subfield code="y">BK</subfield>
  </datafield>
  <datafield tag="999" ind1=" " ind2=" ">
    <subfield code="c">111185</subfield>
    <subfield code="d">111185</subfield>
  </datafield>
</record>
